Negative and print retouching for amateur and professional.

Bibliographic Details
Main Author: Anthony, Anne J.
Format: Book
Language:English
Published: New York, Greenberg [1950]
Subjects:

MARC

Tag First Indicator Second Indicator Subfields
LEADER 00000cam a2200000I 4500
001 in00000034866
005 20230724130520.0
008 800926s1950 nyua 000 0 eng
010 |a  50009677  
019 |a 1312456 
029 1 |a AU@  |b 000009582812 
029 1 |a NZ1  |b 6792565 
029 1 |a NZ1  |b 712268 
035 |a (OCoLC)ocm06757379  
035 |a (OCoLC)6757379  |z (OCoLC)1312456 
035 |a (OCoLC)ocm06757379  
040 |a DLC  |b eng  |c TMA  |d OCL  |d KEU  |d OCLCQ  |d TULIB  |d OCLCF  |d OCLCQ  |d QQ3  |d OCLCQ  |d OCLCO 
050 0 4 |a TR310  |b .A36 
082 0 |a 770.2838 
100 1 |a Anthony, Anne J. 
245 1 0 |a Negative and print retouching for amateur and professional.  |c Illus. by the author. 
260 |a New York,  |b Greenberg  |c [1950] 
300 |a 138 pages  |b illustrations  |c 28 cm 
336 |a text  |b txt  |2 rdacontent 
337 |a unmediated  |b n  |2 rdamedia 
338 |a volume  |b nc  |2 rdacarrier 
505 0 |a Negative retouching -- "Look pleasant, please" -- The tools of the trade -- The purpose and use of the retouching tools -- The negative -- The technique of pencil retouching -- Dye retouching -- Etching -- Summary of the fundamentals -- Corrective retouching -- Correcting mechanical and processing errors -- Now it's up to you -- Print retouching -- Photographic papers -- General print retouching : basic equipment -- Retouching the glossy print -- Retouching the semi-matte print -- Retouching the matte print -- Retouching the warm-tone and toned print. 
650 0 |a Photography  |x Retouching. 
650 6 |a Retouche (Photographie) 
650 7 |a retouching.  |2 aat 
650 7 |a Photography  |x Retouching.  |2 fast  |0 (OCoLC)fst01061819 
655 4 |a Nonfiction. 
776 0 8 |i Online version:  |a Anthony, Anne J.  |t Negative and print retouching for amateur and professional.  |d New York, Greenberg [1950]  |w (OCoLC)949665014 
948 |h HELD BY TXA - 70 OTHER HOLDINGS 
994 |a Z0  |b TXA 
999 f f |s 7e067f5d-300f-3017-9fa4-4bc6e7a6614d  |i f589f66f-4ec0-3691-9a5a-ed9e7db6df0b  |t 0 
952 f f |p ric  |a Texas A&M University  |b Rellis Campus  |c Joint Library Facility  |s JLF  |d Remote Storage  |t 0  |e TR310 .A36  |h Library of Congress classification  |i unmediated -- volume  |m A14801160698